<?xml version="1.0" encoding="UTF-8"?>
<record
    xmlns:xsi="http://www.w3.org/2001/XMLSchema-instance"
    xsi:schemaLocation="http://www.loc.gov/MARC21/slim http://www.loc.gov/standards/marcxml/schema/MARC21slim.xsd"
    xmlns="http://www.loc.gov/MARC21/slim">

  <leader>04805nam a2200421 a 4500</leader>
  <controlfield tag="001">dia_3627</controlfield>
  <controlfield tag="003">CHAP</controlfield>
  <controlfield tag="005">20250428123517.0</controlfield>
  <controlfield tag="007">ta</controlfield>
  <controlfield tag="008">220601s2005    mx ad  frm    001 0 spa d</controlfield>
  <datafield tag="040" ind1=" " ind2=" ">
    <subfield code="a">mxchpua</subfield>
    <subfield code="c">CHAP</subfield>
  </datafield>
  <datafield tag="041" ind1="0" ind2=" ">
    <subfield code="a">spa</subfield>
    <subfield code="b">eng</subfield>
  </datafield>
  <datafield tag="090" ind1=" " ind2=" ">
    <subfield code="a">Tesis</subfield>
    <subfield code="b">R63</subfield>
    <subfield code="c">2005</subfield>
  </datafield>
  <datafield tag="100" ind1="1" ind2=" ">
    <subfield code="a">Rodr&#xED;guez Carmona, Sara</subfield>
  </datafield>
  <datafield tag="240" ind1="1" ind2="0">
    <subfield code="a">Glochids preharvest removal in cactus pear fruit (Opuntia spp. ) cv red San Mart&#xED;n with gibberellic acid and ethrel.</subfield>
    <subfield code="l">Espa&#xF1;ol</subfield>
  </datafield>
  <datafield tag="245" ind1="1" ind2="0">
    <subfield code="a">Desahuatado precosecha de tuna (Opuntia spp.) cv Roja San Mart&#xED;n con bajas concentraciones de &#xE1;cido giber&#xE9;lico y ethrel/</subfield>
    <subfield code="c">Sara Rodr&#xED;guez Carmona</subfield>
  </datafield>
  <datafield tag="264" ind1=" " ind2=" ">
    <subfield code="a">Chapingo, M&#xE9;xico :</subfield>
    <subfield code="b">El autor,</subfield>
    <subfield code="c">2005</subfield>
  </datafield>
  <datafield tag="300" ind1=" " ind2=" ">
    <subfield code="a">iv, 88 hojas :</subfield>
    <subfield code="b">ilustraciones, tablas, gr&#xE1;ficas</subfield>
  </datafield>
  <datafield tag="336" ind1=" " ind2=" ">
    <subfield code="2">rdacontent</subfield>
    <subfield code="a">texto</subfield>
    <subfield code="b">txt</subfield>
  </datafield>
  <datafield tag="337" ind1=" " ind2=" ">
    <subfield code="2">rdamedia</subfield>
    <subfield code="a">no mediado</subfield>
    <subfield code="b">n</subfield>
  </datafield>
  <datafield tag="338" ind1=" " ind2=" ">
    <subfield code="2">rdacarrier</subfield>
    <subfield code="a">volumen</subfield>
    <subfield code="b">nc</subfield>
  </datafield>
  <datafield tag="502" ind1=" " ind2=" ">
    <subfield code="a">Tesis</subfield>
    <subfield code="b">(Ingeniero Agroindustrial) --</subfield>
    <subfield code="c">UACh. Departamento de Ingenier&#xED;a Agroindustrial,</subfield>
    <subfield code="d">2005</subfield>
  </datafield>
  <datafield tag="504" ind1=" " ind2=" ">
    <subfield code="a">Bibliograf&#xED;a : hojas 81-87</subfield>
  </datafield>
  <datafield tag="520" ind1="3" ind2=" ">
    <subfield code="a">Los ahuates representan problemas para la cosecha y comercializaci&#xF3;n de la tuna. Con el objetivo de promover la ca&#xED;da de ahuates en precosecha en tuna roja de la variedad San Mart&#xED;n, se asperjaron soluciones de &#xE1;cido giber&#xE9;lico (50 y 100 mg*L-1) y ethrel (500 y 700 mg*L-1) en 3 y 6 aplicaciones consecutivas que iniciaron inmediatamente despu&#xE9;s del amarre del fruto (cada 7 y 14 d&#xED;as, respectivamente) durante el desarrollo del fruto. Tambi&#xE9;n se prob&#xF3; el efecto de la remoci&#xF3;n mec&#xE1;nica en frutos tratados y en frutos no tratados hormonalmente, esta remoci&#xF3;n se realiz&#xF3; una semana antes de la cosecha. Se evalu&#xF3; el n&#xFA;mero de ahuates por areola, porcentaje de ca&#xED;da de ahuates, longitud de ahuates y algunos par&#xE1;metros de calidad de la tuna. El menor n&#xFA;mero de ahuates (132) y en consecuencia la mayor ca&#xED;da (74 %) se logr&#xF3; con la combinaci&#xF3;n de las mayores dosis de AG3 y ethrel con el mayor n&#xFA;mero de aplicaciones y de la remoci&#xF3;n mec&#xE1;nica. La sola remoci&#xF3;n mec&#xE1;nica en las tunas sin tratamiento hormonal, provoc&#xF3; un 58 % de ca&#xED;da de ahuates y aument&#xF3; el contenido de s&#xF3;lidos solubles totales en el jugo (12 &#xBA;Bx). Los tratamientos no aumentaron significativamente la longitud de ahuates. El AG3 disminuy&#xF3; significativamente los s&#xF3;lidos solubles totales (hasta 8,4 &#xBA;Bx) y atras&#xF3; el desarrollo de la pulpa y la desaparici&#xF3;n del color verde de la c&#xE1;scara, adem&#xE1;s provoc&#xF3; una ligera p&#xE9;rdida de la firmeza. La aplicaci&#xF3;n de las fitohormonas no afect&#xF3; significativamente el peso de la c&#xE1;scara, el &#xED;ndice de saturaci&#xF3;n del color, el tama&#xF1;o ni la forma de los frutos.</subfield>
  </datafield>
  <datafield tag="520" ind1="3" ind2=" ">
    <subfield code="a">Glochids of cactus pear affect negatively harvest operation and the commercialization. With the objective to promote removal of glochids in pre harvest in cactus pear (variety Red San Martin) gibberellic acid (GA3) (50 and 100 mg*L-1) and ethrel solutions (500 and 700 mg*L-1) were sprayed over the buds immediately after fruit set in three or six consecutive applications (every 7 or 14 days) during their development. Also an additional mechanic removal (friction with a feather duster) a week before harvest in treated and in untreated fruits was probed. Glochid number, removal percentage, glochid length and some quality parameters (soluble solids concentration, peel and pulp weight, color, size, shape and firmness fruit) were evaluated. It was concluded that the lowest number of glochids (132 and the removal of glochids in pre harvest around 74 %) was with the highest doses of GA3 and ethrel, the highest number of applications and the additional mechanic removal. In fruits without hormonal treatment but only with the mechanic removal caused around 58 % of glochids fall and increase on total soluble solids (12 &#xBA;Bx). Treatments did not significantly increase the length of glochids compared with the control. GA3 applications significant decreased the soluble solids concentration (down to 8,4 &#xBA;Bx) , retraced pulp and red color development, in addition caused a slight loos of firmness. Peel weight, saturation index of color (chroma), fruit size and shape was not significantly modified by GA3 and Ethrel applications.</subfield>
  </datafield>
  <datafield tag="650" ind1="1" ind2="3">
    <subfield code="a">Opuntia ficus-indica</subfield>
    <subfield code="2">atg</subfield>
  </datafield>
  <datafield tag="650" ind1="1" ind2="3">
    <subfield code="a">Tuna</subfield>
    <subfield code="x">Desahuatado  </subfield>
    <subfield code="2">atg</subfield>
  </datafield>
  <datafield tag="650" ind1="1" ind2="3">
    <subfield code="a">Espinas de las plantas</subfield>
    <subfield code="x">Tratamiento  </subfield>
    <subfield code="2">atg</subfield>
  </datafield>
  <datafield tag="650" ind1="1" ind2="3">
    <subfield code="a">Plants spines</subfield>
    <subfield code="x">Treatment</subfield>
    <subfield code="2">atg</subfield>
  </datafield>
  <datafield tag="700" ind1="1" ind2=" ">
    <subfield code="a">Corrales Garc&#xED;a, Jos&#xE9; Joel Enrique</subfield>
    <subfield code="e">director</subfield>
  </datafield>
  <datafield tag="700" ind1="1" ind2=" ">
    <subfield code="a">Corona S&#xE1;ez, Tom&#xE1;s Mar&#xED;a</subfield>
    <subfield code="e">asesor</subfield>
  </datafield>
  <datafield tag="700" ind1="1" ind2=" ">
    <subfield code="a">P&#xE9;rez L&#xF3;pez, Artemio</subfield>
    <subfield code="e">asesor</subfield>
  </datafield>
  <datafield tag="856" ind1="4" ind2="1">
    <subfield code="u">http://10.13.5.2/tesis/101468.pdf</subfield>
    <subfield code="y">DESCARGAR PDF</subfield>
  </datafield>
  <datafield tag="901" ind1=" " ind2=" ">
    <subfield code="a">TESIS R63 2005</subfield>
  </datafield>
  <datafield tag="902" ind1=" " ind2=" ">
    <subfield code="a">M</subfield>
  </datafield>
  <datafield tag="905" ind1=" " ind2=" ">
    <subfield code="a">0000002005                          mx     0000000000spa00</subfield>
  </datafield>
  <datafield tag="942" ind1=" " ind2=" ">
    <subfield code="c">TESIS</subfield>
    <subfield code="2">Clasificaci&#xF3;n Universidad Aut&#xF3;noma Chapingo</subfield>
  </datafield>
  <datafield tag="999" ind1=" " ind2=" ">
    <subfield code="c">209357</subfield>
    <subfield code="d">209357</subfield>
  </datafield>
  <datafield tag="952" ind1=" " ind2=" ">
    <subfield code="0">0</subfield>
    <subfield code="1">0</subfield>
    <subfield code="2">local</subfield>
    <subfield code="4">0</subfield>
    <subfield code="5">1</subfield>
    <subfield code="7">0</subfield>
    <subfield code="8">TESIS</subfield>
    <subfield code="a">IA_</subfield>
    <subfield code="b">IA_</subfield>
    <subfield code="d">2025-04-28</subfield>
    <subfield code="e">El autor</subfield>
    <subfield code="l">0</subfield>
    <subfield code="o">Tesis R63 2005</subfield>
    <subfield code="p">1101015377</subfield>
    <subfield code="r">2026-02-02 00:00:00</subfield>
    <subfield code="t">Ej.1</subfield>
    <subfield code="w">2025-04-28</subfield>
    <subfield code="y">TESIS</subfield>
  </datafield>
  <datafield tag="952" ind1=" " ind2=" ">
    <subfield code="0">0</subfield>
    <subfield code="1">0</subfield>
    <subfield code="2">local</subfield>
    <subfield code="4">0</subfield>
    <subfield code="5">5</subfield>
    <subfield code="7">0</subfield>
    <subfield code="8">TESIS</subfield>
    <subfield code="a">IA_</subfield>
    <subfield code="b">IA_</subfield>
    <subfield code="d">2025-04-28</subfield>
    <subfield code="e">El autor</subfield>
    <subfield code="l">0</subfield>
    <subfield code="o">Tesis R63 2005</subfield>
    <subfield code="p">1101015378</subfield>
    <subfield code="r">2026-02-02 00:00:00</subfield>
    <subfield code="t">Ej.2</subfield>
    <subfield code="w">2025-04-28</subfield>
    <subfield code="y">TESIS</subfield>
  </datafield>
  <datafield tag="952" ind1=" " ind2=" ">
    <subfield code="0">0</subfield>
    <subfield code="1">0</subfield>
    <subfield code="2">local</subfield>
    <subfield code="4">0</subfield>
    <subfield code="7">0</subfield>
    <subfield code="8">TesDigL</subfield>
    <subfield code="a">IA_</subfield>
    <subfield code="b">IA_</subfield>
    <subfield code="c">E_L</subfield>
    <subfield code="d">2025-04-28</subfield>
    <subfield code="e">El autor</subfield>
    <subfield code="l">0</subfield>
    <subfield code="p">1201015377</subfield>
    <subfield code="r">2025-04-28 13:46:23</subfield>
    <subfield code="w">2025-04-28</subfield>
    <subfield code="y">TD</subfield>
  </datafield>
</record>
